000 00191nam a2200085Ia 4500
008 170620s9999 xx 000 0 und d
100 _aKapoor - S. K.
245 0 _acontract
260 _bCentral Law Agency
260 _c2002
999 _c28811
_d28811